Noms de chats les plus donnés en France - Statistiques

Statistiques générales
  • Ce quiz a été pris 706 fois
  • Le résultat moyen est 6 sur 40
Statistiques - réponses
Genre Nombre Prénom % Correct
9 Mâle 17019 Minou
58%
6 Mâle 20688 Félix
43%
1 Mâle 55190 Simba
40%
3 Mâle 24679 Caramel
38%
12 Femelle 19892 Mimi
37%
2 Femelle 52549 Minette
36%
19 Mâle 12843 Garfield
30%
1 Femelle 54813 Nala
30%
2 Mâle 41259 Tigrou
29%
8 Femelle 22887 Mia
23%
20 Mâle 11631 Cookie
16%
4 Mâle 24124 Gribouille
14%
10 Mâle 16775 Léo
14%
3 Femelle 35398 Plume
14%
10 Femelle 22523 Princesse
14%
11 Femelle 20218 Lili
13%
5 Mâle 22062 Filou
11%
15 Mâle 14206 Grisou
11%
15 Femelle 18417 Noisette
10%
7 Femelle 23500 Luna
9%
13 Femelle 19319 Mimine
9%
13 Mâle 15063 Oréo
9%
19 Femelle 15976 Kitty
8%
5 Femelle 29290 Caline
7%
6 Femelle 27675 Chipie
6%
17 Mâle 13295 Fripouille
6%
14 Femelle 18829 Lilou
6%
4 Femelle 33748 Maya
6%
16 Femelle 18391 Nina
6%
11 Mâle 16252 Oscar
6%
14 Mâle 14722 Nougat
5%
12 Mâle 15316 Reglisse
5%
7 Mâle 18523 Rio
5%
20 Femelle 15584 Chanel
4%
16 Mâle 13576 Lucky
4%
18 Femelle 17661 Perle
4%
9 Femelle 22807 Isis
3%
8 Mâle 18378 Roméo
2%
17 Femelle 18386 Ruby
2%
18 Mâle 13099 Guizmo
1%
Aucun quiz correspondant
Distribution des résultats
% des personnes avec chaque résultat
Percentile par nombre de réponses
Votre historique - résultats
Vous n’avez pas pris ce quiz